000 00253nam a2200109Ia 4500
008 190216s9999||||xx |||||||||||||| ||und||
100 _aAgrawal P K
245 0 _aIit Physics
260 _bKrishna Prakashan Media
_c1996
300 _a17000p
942 _cREF
999 _c36224
_d36224